Animatroniki Fnaf 2 - nagła śmierć - Statystyki

Ogólne statystyki
  • Ten quiz został rozwiązany 236 razy
  • Średni wynik to 4 z 7
Answers on the Grid
Answers color-coded by a green-red scale on the quiz's grid according to % correct below.
Withered Foxy
Monty
Toy Bonnie
Nightmare Baloon Boy
Scott
Skibidibidibidibidibi
Barack Obama
Toy Freddie
Mangle
Roxy
Springtrap
Withered Chica
Toy Foxy
Marionetka
Balon śmieć
Withered Freddy
 
Statystyki odpowiedzi
Odpowiedź % Poprawnych
Withered Foxy
75%
Toy Bonnie
72%
Mangle
68%
Toy Freddie
54%
Withered Chica
51%
Marionetka
43%
Withered Freddy
34%
Nie znaleziono quizów pasujących do podanych kryteriów
Rozkład punktacji
Procent ludzi z każdym wynikiem
Percentyl według liczby udzielonych odpowiedzi
Twoja historia wyników
Nie rozwiązałeś tego quizu